Statistics for General Knowledge Quiz #115

Click here to take the quiz!

General Stats

  • This quiz has been taken 66,089 times
    (35,861 since last reset)
  • The average score is 11 of 20

Answer Stats

QuestionAnswer% Correct
What play is about "star-crossed lovers"?Romeo and Juliet
92%
What was the profession of Joseph, Jesus's earthly father?Carpenter
83%
What legendary character turned everything he touched to gold?Midas
79%
What country is planning to move its capital since its current capital, Jakarta,
is sinking at a rate of 17 centimeters per year?
Indonesia
76%
What did the U.S. buy from Russia for 2 cents an acre?Alaska
73%
What did Jack trade for magic beans?Cow
72%
What city has Muslim, Christian, Jewish, and Armenian Quarters?Jerusalem
66%
According to singer Edwin Starr, what is war good for? (say it again)Absolutely nothing
65%
What stage in a fly's life cycle comes between egg and pupa?Larva
55%
What comes next in the sequence kilo, mega, giga?Tera
55%
What city do Brummies come from?Birmingham
51%
If a person is "juicing" what drug are they taking?Anabolic steroids
48%
Whose 13 wives included Aisha, Safiyya, and Sawda?Muhammad
44%
Who was the guitarist for Cream, The Yardbirds, and Derek and the Dominos?Eric Clapton
39%
What is the most common first name for men currently living in the United States?Michael
35%
Citrine and amethyst are forms of what mineral?Quartz
35%
If Paul McCartney is "Ivory", who is "Ebony" in the 1982 chart-topping song?Stevie Wonder
32%
What city was once called "The Paris of the Middle East" before a civil war began in 1975?Beirut
30%
What is the English name for France's Côte d'Azur?French Riviera
27%
In what country did Sandinistas battle Contras in the 1980s?Nicaragua
26%

Score Distribution

Percentile by Number Answered

Percent of People with Each Score

Your Score History

You have not taken this quiz since the last reset